000 004570000a22001690004500
003 MACL
005 20160108171457.0
008 160108b xxu||||| |||| 00| 0 eng d
040 _aMACL
_cMACL
041 _aEnglish
082 _a910/MUN
100 _aTemple, Sir Richard Carnac
_930088
245 _aThe Travels of Peter Mundy In Europe and Asia 1608-1667
_bvol 4
260 _bThe Hakluyt Society
650 _aTravel
_930089
942 _cBK
_k910/MUN
_2ddc
999 _c37785
_d37785